Les aventures de Télémaque, fils d'Ulysse / (Record no. 154045)
[ view plain ]
| 000 -LEADER | |
|---|---|
| campo de control de longitud fija | 00832nam a2200217 i 4500 |
| 001 - NÚMERO DE CONTROL | |
| campo de control | 154045 |
| 003 - IDENTIFICADOR DE NÚMERO DE CONTROL | |
| campo de control | ES-MaACL |
| 005 - FECHA Y HORA DE LA ÚLTIMA TRANSACCIÓN | |
| campo de control | 20250716063309.0 |
| 008 - DATOS DE LONGITUD FIJA--INFORMACIÓN GENERAL | |
| campo de control de longitud fija | 950525s1767 ne a |||| | fre d |
| 100 1# - ENTRADA PRINCIPAL--NOMBRE DE PERSONA | |
| Nombre de persona | Fénelon, François de Salignac de La Mothe, |
| Fechas asociadas al nombre | 1651-1715 |
| 9 (RLIN) | 49246 |
| 245 14 - MENCIÓN DEL TÍTULO | |
| Título | Les aventures de Télémaque, fils d'Ulysse / |
| Mención de responsabilidad, etc. | par Messire François de Salignac de la Motte Fenelon... |
| 250 ## - MENCION DE EDICION | |
| Mención de edición | Nouvelle edition augmentée & corrigée... |
| 260 ## - PUBLICACIÓN, DISTRIBUCIÓN, ETC. | |
| Lugar de publicación, distribución, etc. | A Leyde : |
| Nombre del editor, distribuidor, etc. | chez J. de Wetstein, |
| Fecha de publicación, distribución, etc. | 1767. |
| 300 ## - DESCRIPCIÓN FÍSICA | |
| Extensión | XL, 435 p., [10] h. de lám. ; |
| Dimensiones | 12º. |
| 597 ## - NOTA DE DESCRIPCIÓN FÍSICA | |
| NOTA DE DESCRIPCIÓN FÍSICA | Sign.: a12, b8, A-S12, T-V4. |
| 597 ## - NOTA DE DESCRIPCIÓN FÍSICA | |
| NOTA DE DESCRIPCIÓN FÍSICA | Front calc. |
| 597 ## - NOTA DE DESCRIPCIÓN FÍSICA | |
| NOTA DE DESCRIPCIÓN FÍSICA | Port. a dos tintas. |
| 599 ## - NOTA A LAS ILUSTRACIONES | |
| NOTA A LAS ILUSTRACIONES | Las h. de grab. calc., intercaladas en el texto. |
| 852 ## - LOCALIZACIÓN | |
| Ubicación | ES-MaACL |
| Número de control de estantería | R-973 |
| Nota libre | - Enc. pasta |
| Encuadernación | Olim: G-9262 |
| Estatus retirado | Estado de pérdida | Estado de daño | No para préstamo | Colección | Biblioteca de origen | Biblioteca actual | Ubicación en estantería | Fecha de adquisición | Fuente de adquisición | Total de préstamos | Signatura topográfica completa | Código de barras | Visto por última vez | Precio de reemplazo | Tipo de ítem Koha |
|---|---|---|---|---|---|---|---|---|---|---|---|---|---|---|---|
| Libros del s. XVIII | Biblioteca del Ateneo de Madrid | Biblioteca del Ateneo de Madrid | Depósito | 17/01/2008 | R-973 | 1161068 | 23/02/2023 | 23/02/2023 | Libro impreso antiguo |
